Países del Mundo - Versión 15 minutos - Estadísticas

Estadísticas generales
  • Esta prueba ha sido intentada 7.072 veces
  • La puntuación promedio es 115 de 196
Respuestas en el mapa
Las respuestas están codificadas por una escala verde-roja en el mapa de la prueba según el % correcto abajo.
 
Estadísticas de respuestas
País % Correcto
Canadá
95%
Estados Unidos
95%
México
95%
Argentina
94%
España
94%
Brasil
93%
Francia
93%
Rusia
93%
Chile
92%
China
92%
Italia
92%
Alemania
91%
Colombia
91%
Portugal
91%
Reino Unido
91%
Australia
90%
Japón
90%
Perú
90%
India
88%
Venezuela
88%
Bolivia
87%
Marruecos
87%
Uruguay
87%
Corea del Norte
86%
Corea del Sur
86%
Ecuador
85%
Egipto
85%
Paraguay
85%
Suecia
85%
Suiza
85%
Ucrania
85%
Cuba
84%
Irlanda
84%
Noruega
84%
Dinamarca
83%
Finlandia
83%
Grecia
83%
Países Bajos
83%
Polonia
83%
Islandia
82%
Turquía
82%
Sudáfrica
81%
Bélgica
80%
Madagascar
80%
Panamá
80%
República Dominicana
78%
Austria
77%
Arabia Saudita
76%
República del Congo
76%
República Democrática del Congo
76%
Irán
75%
Lituania
75%
Mongolia
75%
Nueva Zelanda
75%
Estonia
74%
Honduras
74%
Argelia
73%
Bielorrusia
73%
Costa Rica
73%
El Salvador
73%
Israel
73%
Rumania
73%
Croacia
72%
Irak
72%
Guyana
71%
Níger
71%
Guatemala
70%
Haití
70%
Indonesia
70%
Pakistán
70%
Kazajistán
69%
Letonia
69%
República Checa
69%
Tailandia
69%
Andorra
68%
Filipinas
68%
Nicaragua
68%
Hungría
67%
Afganistán
66%
Albania
66%
Chipre
66%
Eslovaquia
66%
Luxemburgo
65%
Vietnam
65%
Jamaica
64%
Sudán
64%
Catar
63%
Emiratos Árabes Unidos
63%
Eslovenia
63%
Bulgaria
62%
Ciudad del Vaticano
62%
Nigeria
62%
Guinea
61%
Serbia
61%
Belice
60%
Surinam
60%
Macedonia del Norte
59%
Montenegro
59%
Bosnia y Herzegovina
58%
Etiopía
57%
Senegal
57%
Yemen
57%
Kenia
56%
Libia
56%
Malta
56%
Siria
56%
Túnez
56%
Armenia
55%
Nepal
55%
Somalia
55%
Angola
54%
Georgia
54%
Moldavia
54%
Omán
54%
Bahamas
53%
Chad
53%
Uzbekistán
53%
Malasia
52%
Camerún
51%
Líbano
51%
Mónaco
51%
Sudán del Sur
51%
Kosovo
50%
Laos
50%
Sri Lanka
50%
Azerbaiyán
49%
Papua Nueva Guinea
49%
Taiwán
49%
Tanzania
49%
Ghana
48%
Jordania
48%
Malí
48%
San Marino
48%
Cabo Verde
46%
Camboya
46%
Costa de Marfil
46%
Guinea Ecuatorial
46%
Bangladés
45%
Mauritania
44%
Mozambique
43%
Turkmenistán
43%
República Centroafricana
42%
Trinidad y Tobago
42%
Maldivas
41%
Singapur
41%
Zambia
41%
Uganda
40%
Birmania
39%
Bután
39%
Dominica
39%
Lesoto
39%
Barbados
38%
Botsuana
38%
Zimbabue
38%
Kirguistán
37%
Liechtenstein
37%
Namibia
37%
Antigua y Barbuda
35%
Eritrea
35%
Mauricio
35%
Togo
35%
Fiyi
34%
Liberia
34%
Santa Lucía
34%
Tayikistán
34%
Kuwait
33%
Ruanda
33%
Burkina Faso
32%
Gabón
32%
Guinea-Bissau
32%
Sierra Leona
32%
Estados Federados de Micronesia
31%
Granada
31%
Benín
30%
Gambia
30%
Burundi
29%
Seychelles
29%
Suazilandia
29%
Baréin
28%
Islas Marshall
27%
Malaui
27%
Brunéi
25%
Islas Salomón
25%
Palaos
25%
San Vicente y las Granadinas
25%
Kiribati
24%
Yibuti
24%
San Cristóbal y Nieves
23%
Santo Tomé y Príncipe
23%
Tuvalu
23%
Tonga
22%
Comoras
21%
Samoa
21%
Timor Oriental
21%
Vanuatu
21%
Nauru
20%
No se encontraron pruebas coincidentes
Distribución de puntuación
Porcentaje de gente con cada puntuación
Porcentaje por número respondido
Historial de tus puntuaciones
No has intentado esta prueba.